Loading...
Mythology | 0 | 5 | 2 | 1 | 40 | 30 | 69.60 | 2 | 4 |
Science - Other Science | 0 | 3 | 0 | 1 | 30 | 25 | 59.67 | 1 | 2 |
Science - Biology | 0 | 3 | 0 | 0 | 30 | 44 | 69.00 | 1 | 2 |
Religion | 0 | 3 | 1 | 0 | 25 | 47 | 71.33 | 0 | 2 |
Literature - World/Other Literature | 0 | 2 | 0 | 0 | 20 | 84 | 84.50 | 0 | 2 |
Fine Arts - Other Fine Arts | 0 | 1 | 0 | 1 | 10 | 132 | 132.00 | 0 | 1 |
Literature - British Literature | 0 | 1 | 0 | 0 | 10 | 48 | 48.00 | 1 | 1 |
Literature - European Literature | 0 | 1 | 0 | 0 | 10 | 93 | 93.00 | 0 | 0 |
Philosophy | 0 | 1 | 0 | 0 | 10 | 33 | 33.00 | 0 | 1 |
Science - Chemistry | 0 | 1 | 0 | 0 | 10 | 55 | 55.00 | 0 | 1 |
Science - Physics | 0 | 1 | 0 | 0 | 10 | 41 | 41.00 | 1 | 1 |
Social Science | 0 | 0 | 0 | 0 | 0 | 0.00 | 0 | 0 | |
History - Other History | 0 | 0 | 1 | 0 | -5 | 0.00 | 0 | 0 | |
History - World History | 0 | 0 | 1 | 0 | -5 | 0.00 | 0 | 0 |